| 000 | 01232nam a2200253Ia 4500 | ||
|---|---|---|---|
| 999 |
_c37648 _d37648 |
||
| 001 | 3620 | ||
| 003 | GE_BSU | ||
| 005 | 20190603150735.0 | ||
| 008 | 181216s1986||||ge |||||||||||||| ||geo|| | ||
| 040 | _cGE_BSU | ||
| 041 | _ageo | ||
| 080 | _a621.01 გ–59 | ||
| 100 |
_aგოგილაშვილი, ვ. _91974 |
||
| 245 |
_aმექანიზმების რხევები, გაწონასწორება და ვიბროდაცვა : ლექციების კონსპექტი / _cვ.გოგილაშვილი ; ნ. კივილაძე ; ი. პაპალაშვილი ; რედ : ე. გიორგაძე . |
||
| 264 |
_aთბილისი : _bსპი, _c1986. |
||
| 300 |
_a42 გვ .: _bილ; _c20 სმ. |
||
| 504 | _aბიბლიოგრ.:გვ.40 | ||
| 653 | _aგაწონასწორება და ვიბროდაცვა | ||
| 653 | _aმექანიზმების რხევები | ||
| 700 |
_aკივილაძე, ნ _91975 |
||
| 700 |
_aპაპალაშვილი, ი _91976 |
||
| 700 |
_aგიორგაძე, ე _eრედაქტორი _9398 |
||
| 942 |
_cBK _2udc |
||